000 00461nam a22001812 4500
001 0000005543
005 20151217160106.0
008 070618s xx 000 0 eng d
040 _aKABU
_cKABU
050 0 _aPZ7
_b.K6W57
100 1 _aKola, Pamela.
_@0000156809
245 1 4 _aThe Wise little girl.
260 _aNairobi :
_bEAEP,
_c1998.
300 _a23 p.
908 _a070618
950 _@1
999 _c14111
_d14111